000 01003nam a2200301 i 4500
003 EG-GICUC
005 20260306104932.0
008 260212s1938 fr ||||fr|||| 000 0 fre d
040 _aEG-GiCUC
_bfre
_cEG-GiCUC
_dEG-GiCUC
_eRda
041 0 _afre
082 0 4 _221
_a341.64
_bHA . E
092 0 4 _221
099 _aLaw1 11 341.64 HA . E 1938
100 1 _aHamed Sultan
_eAuteur
245 1 2 _aL'évolution du concept de la neutralité /
_cHamed Sultan.
264 _aCaire :
_bIME, FE, Noury fils,
_c1938.
300 _a351 page ;
_c 24 cm.
_billustration ;
336 _2rda contenu
_a texte
337 _2rda medias
_aOrdinateur
338 _2 transporteur rda
_a Ressource en ligne
504 _aComprend des références bibliographiques.
546 _aTexte en français
650 1 0 _aPaix -- Droit international / Désarmement -- Droit international
_2qrmak
651 1 _2qrmak
856 4 0 _uhttps://fll.law.cu.edu.eg/fulltext/bks/B11-07540.pdf
905 _a78
942 _2ddc
_cBK
_e21
_n0
999 _c62980
_d62980